[Event "Sterlitamak-ch U15"]
[Site "Sterlitamak"]
[Date "2016.04.18"]
[Round "5.2"]
[White "Kaupov, Bulat"]
[Black "Svinykhov, Egor"]
[Result "1-0"]
[WhiteElo "1010"]
[BlackElo "1033"]
[PlyCount "105"]
[EventDate "2016.04.11"]
[EventType "swiss"]
[EventRounds "11"]
[EventCountry "RUS"]
[SourceTitle "EXT 2022"]
[Source "ChessBase"]
[SourceDate "2021.10.06"]
[SourceVersion "1"]
[SourceVersionDate "2021.10.06"]
[SourceQuality "1"]

1. c4 e5 2. Nc3 Nf6 3. Nf3 Nc6 4. d4 exd4 5. Nxd4 Bc5 6. Nxc6 bxc6 7. Bg5 h6 8. Bh4 d5 9. Bxf6 Qxf6 10. e3 dxc4 11. Bxc4 Bb4 12. Qd4 Qxd4 13. exd4 0-0 14. 0-0 c5 15. a3 Bxc3 16. bxc3 cxd4 17. cxd4 Rd8 18. Rfd1 Bb7 19. Rab1 Be4 20. Rb5 c6 21. Rb7 Bd5 22. Bxd5 cxd5 23. Re1 Rac8 24. h3 a6 25. Ree7 Rf8 26. Red7 Rfd8 27. Rxf7 g5 28. Rh7 Rd6 29. Rbd7 Rxd7 30. Rxd7 Rb8 31. Rxd5 Rb3 32. Ra5 Rb6 33. g3 Kf7 34. h4 g4 35. Rf5+ Kg6 36. Rf4 Kh5 37. f3 gxf3 38. Rxf3 Rd6 39. Rd3 Kg4 40. Kg2 h5 41. Kf2 a5 42. d5 Kf5 43. Kf3 Ke5 44. a4 Rxd5 45. Rxd5+ Kxd5 46. Kf4 Kc4 47. g4 Kb4 48. gxh5 Kxa4 49. h6 Kb3 50. h7 a4 51. h8Q a3 52. h5 a2 53. Qa1 1-0

[Event "Sterlitamak-ch U15"]
[Site "Sterlitamak"]
[Date "2016.04.13"]
[Round "2.6"]
[White "Buzueva, Alexandra"]
[Black "Svinykhov, Egor"]
[Result "1-0"]
[WhiteElo "1513"]
[BlackElo "1033"]
[PlyCount "51"]
[EventDate "2016.04.11"]
[EventType "swiss"]
[EventRounds "11"]
[EventCountry "RUS"]
[SourceTitle "EXT 2022"]
[Source "ChessBase"]
[SourceDate "2021.10.06"]
[SourceVersion "1"]
[SourceVersionDate "2021.10.06"]
[SourceQuality "1"]

1. e4 e5 2. Nf3 Nc6 3. Bc4 Nf6 4. Ng5 d5 5. exd5 Nxd5 6. Nxf7 Kxf7 7. Qf3+ Ke6 8. Nc3 Ncb4 9. Qe4 c6 10. d4 Qd6 11. f4 Nxc2+ 12. Qxc2 exf4 13. Qe4+ Kd7 14. Bxd5 cxd5 15. Nxd5 b6 16. Bxf4 Qc6 17. 0-0 Bb7 18. Qf5+ Kd8 19. Bg5+ Be7 20. Bxe7+ Ke8 21. Qf7+ Kd7 22. Bh4+ Kc8 23. Ne7+ Kb8 24. Nxc6+ Bxc6 25. Bg3+ Kc8 26. Qc7# 1-0